| 000 | 00515nam a2200181Ia 4500 | ||
|---|---|---|---|
| 003 | OSt | ||
| 005 | 20200116114724.0 | ||
| 008 | 190216s9999||||xx |||||||||||||| ||und|| | ||
| 040 | _coclc | ||
| 082 |
_a658.1511 _bVIN/M |
||
| 100 |
_aVinod, A _9643 |
||
| 245 | 0 |
_aManagement Accounting / _cA Vinod |
|
| 250 | _a1st ed. | ||
| 260 |
_bCalicut University Central Co-Operative, _c2006. _aCalicut: |
||
| 300 | _a640p | ||
| 650 | _aManagement | ||
| 942 |
_cBK _2ddc _h658.1511 _iVIN/M _k658.1511 _mVIN/M |
||
| 999 |
_c7360 _d7360 |
||